000 01108nam a2200229Ia 4500
001 L107-624
003 IT-CnALBA
008 170116s9999||||xx |||||||||||||| ||und||
040 _aIT-CnALBA
_cIT-CnALBA
041 _aITALIANO
100 _aLIPPERT PETER, CSSR.
245 0 _aDAL FINITO ALL'INFINITO.
250 _a1a ed.
260 _aCINISELLO BALSAMO (MI)
_bEDIZIONI PAOLINE
_c1961 [1° Ed.: n.d.]
300 _a202 p.
500 _aTRADUTTORE JENNA VINCENZO. L'UOMO NELL'UNIVERSO. NATURA ARTE DIO. RISURREZIONE. L'UOMO E LA TECNICA. L'UOMO E L'ANIMALE. L'UOMO CREATORE. UOMO PERSONA. UOMO E SOCIETÀ. L'UOMO E LA RIVELAZIONE. CRISTO E L'OCCIDENTE.
501 _aSocietà San Paolo EM - Piazza San Paolo, 14 - 12051 ALBA (CN) (non commercial uses only) ® Copyright 2017
520 _aTRADUTTORE JENNA VINCENZO. L'UOMO NELL'UNIVERSO. NATURA ARTE DIO. RISURREZIONE. L'UOMO E LA TECNICA. L'UOMO E L'ANIMALE. L'UOMO CREATORE. UOMO PERSONA. UOMO E SOCIETÀ. L'UOMO E LA RIVELAZIONE. CRISTO E L'OCCIDENTE.
650 _aSTUDIO E INSEGNAMENTO DELLA FILOSOFIA
942 _cBK
957 _71
999 _a723
_bNO
_g Copie: 1
_c259860
_d259860